| 000 | 00000nam##2200000za#4500 |
| 001 | 9.517038 |
| 003 | CaOODSP |
| 005 | 20220405153322 |
| 007 | ta |
| 008 | 150406|1991||||xxc||||| f|0| 0 eng|d |
| 022 | |a0226-4587 |
| 040 | |aCaOODSP|beng |
| 041 | |aeng |
| 041 | |afre |
| 043 | |an-cn--- |
| 086 | 1 |aP29-157-002-1-1991 |
| 110 | 2 |aCanadian General Standards Board. |
| 245 | 10|aLiquid flow measurement in open channels: velocity-area methods / |cPrepared by the International Organization for Standardization. Reviewed by the Canadian General Standards Board. |
| 260 | |aOttawa - Ontario : |bCanadian General Standards Board |cJune, 1991. |
| 300 | |aEnglish text, 23p. : |bfigs., tables ; |c28 cm. |
| 490 | 1 |aNational standard of Canada|x0226-4587 |vCAN/CGSB-157.2-M91 |
| 500 | |aISO 748:1979. |
| 546 | |aBilingual |
| 563 | |aSoftcover |
| 590 | |a91-33|b1991-08-16 |
| 792 | |tMesure de débit des liquides dans les canaux découverts: méthodes d'exploration du champ des vitesses / |efre|w(CaOODSP)9.517039 |
| 830 | #0|aNational standard of Canada,|x0226-4587 |vCAN/CGSB-157.2-M91|w(CaOODSP)9.509558 |
| 986 | |aNational Standard of Canada |